000 00513cam a22001931 4500
001 af 48000574
003 DLC
005 20260227110844.0
008 890508s1940 gw 000 1 ger c
010 _aaf 48000574
035 _a(OCoLC)19677374
040 _aYale Univ. Library
_cCU
_dDLC
042 _apremarc
050 0 0 _aPT2623.U74
_bH5
100 1 _aLuterbach, Leonz.
245 1 0 _aHier Peter Jost;
_bRoman aus der Schweizer Industrie.
260 _aFrauenfeld,
_bHuber
_c[1940]
300 _a236 p.
_c19 cm.
999 _c4114
_d4114